Вып. 1(65); Изотопы в СССР

Dades bibliogràfiques
Parent link:Изотопы в СССР: производственно-технический сборник/ Центральный научно-исследовательский институт информации и технико-экономических исследований по атомной науке и технике. Вып. 1(65).— , 1965-1988
Altres autors: Калошин В. М. (редактор)
Idioma:rus
Publicat: 1983
Matèries:
Format: MixedMaterials Llibre
KOHA link:https://koha.lib.tpu.ru/cgi-bin/koha/opac-detail.pl?biblionumber=306462

MARC

LEADER 00000nam2a2200000 4500
001 306462
005 20231102001909.0
035 |a (RuTPU)RU\TPU\book\331739 
090 |a 306462 
100 |a 20151007d1983 km y0rusy50 ca 
101 0 |a rus 
102 |a RU 
105 |a a z 001zy 
200 0 |a Вып. 1(65)  |f под ред. В. М. Калошина 
210 |d 1983 
215 |a 72 с.  |c ил. 
320 |a Библиография в конце статей 
461 1 |0 (RuTPU)RU\TPU\book\287095  |t Изотопы в СССР  |o производственно-технический сборник  |f Центральный научно-исследовательский институт информации и технико-экономических исследований по атомной науке и технике  |v Вып. 1(65)  |d 1965-1988 
606 1 |a Изотопы  |x Технология  |2 stltpush  |3 (RuTPU)RU\TPU\subj\12356  |9 39153 
610 1 |a рентгеновское излучение 
610 1 |a циклотроны 
610 1 |a облучение 
610 1 |a спектрометры 
610 1 |a радиоизотопные источники 
610 1 |a радиоизотопные датчики 
610 1 |a анализаторы 
610 1 |a радиоизотопные приборы 
610 1 |a радиоизотопные плотномеры 
610 1 |a радиоактивные индикаторы 
610 1 |a применение 
610 1 |a народное хозяйство 
675 |a 621.039.8.002  |v 4 
702 1 |a Калошин  |b В. М.  |4 340 
801 1 |a RU  |b 63413507  |c 20151007 
801 2 |a RU  |b 63413507  |c 20180711  |g RCR 
942 |c BK